000 00537nam a22001937a 4500
999 _c6793
_d6793
003 OSt
005 20210226113035.0
008 210226b ||||| |||| 00| 0 eng d
020 _a0333970047
040 _cDDC
082 _a321.8DEM,2002
100 _aEdited by Meny,Yves;Surel,Yves
_913913
245 _aDemocracies and the Populist challenge,
260 _aLondon,
_bPalgrave,
_c2002.
300 _axi,258p;
_bill,
_c22cm.
504 _aincludes bibliography and index
650 _aDevelopment studies
_95876
942 _2ddc
_cO_SHELF